Miguel en Cervantes: el relato de las maravillas

Saved in:
Bibliografiske detaljer
Main Authors: Prado, Miguelanxo (Author), Rubín, David (Author)
Format: Bog
Sprog:spansk
Udgivet: Bilbao Astiberri Ediciones 2017
Udgivelse:3a. ed
Fag:
Tags: Tilføj Tag
Ingen Tags, Vær først til at tagge denne postø!

MARC

LEADER 00000cam a2200000 a 4500
001 UCC3705
003 CL-VaPUC
008 180531e20171100sp |||||||||||||||||spa|d
020 |a 9788415272687 
020 |a 9788416251216 
082 0 4 |a 863  |b PRA  |2 21 
100 0 |a Prado, Miguelanxo  |e author  |9 597797 
700 0 |a Rubín, David  |e author  |9 597798 
245 1 0 |a Miguel en Cervantes: el relato de las maravillas 
250 |a 3a. ed 
300 |a 109 p 
942 |c BK 
945 |d 20180531 16:15:00  |a arojas 
260 |a Bilbao  |b Astiberri Ediciones  |c 2017 
600 0 |a Cervantes y Saavedra, Miguel de  |9 267947 
650 0 |a Biografías  |9 255210 
650 0 |a Cómics  |9 369534 
650 0 |a Literatura española  |9 306261 
650 0 |a Novela gráfica  |9 561356 
583 |a last modification  |c 20180531 16:15:00  |k Rodrigo Vera 
999 |c 371396  |d 371394